000 01427cam a2200361 i 4500
001 13761800
003 EG-ScBUE
005 20241030094821.0
008 041026r20051967nyua f b 001 0 eng d
020 _a0486442616
020 _a9780486442617
035 _a(OCoLC)ocm56924596
040 _aDLC
_beng
_erda
_cDLC
_dIG#
_dDLC
_dEG-ScBUE
082 0 4 _a516.3
_222
_bEIS
100 1 _aEisenhart, Luther Pfahler,
_db. 1876.
_eauthor.
_922667
245 1 0 _aCoordinate geometry /
_cLuther Pfahler Eisenhart.
264 1 _aMineola, N.Y. :
_bDover Publications,
_c2005.
300 _ax, 298 pages :
_billustrations ;
_c22 cm.
336 _2rdacontent
_atext
_btxt
337 _aunmediated
_2rdamedia
_bn
338 _avolume
_bnc
_2rdacarrier
490 0 _aDover books on mathematics
500 _aOriginally published: Boston : Ginn and Co., c1939.
500 _aIncludes appendix.
504 _aIncludes bibliographical references and index.
650 7 _aGeometry, Analytic.
_2BUEsh
_922669
650 7 _aCoordinates.
_2BUEsh
_922670
655 _vReading book
856 4 2 _3Publisher description
_uhttp://www.loc.gov/catdir/enhancements/fy0619/2004061384-d.html
942 _2ddc
_cBB
999 _c15036
_d15036